| 000 | 00747nam a22002057a 4500 | ||
|---|---|---|---|
| 003 | OSt | ||
| 005 | 20140310182932.0 | ||
| 008 | 130131t xxu||||| |||| 00| 0 eng d | ||
| 020 | _a9789712720437 | ||
| 050 |
_aGR 325 _b.N812 2008 |
||
| 082 |
_aFIL 398.209599 _bN814 2008 |
||
| 245 |
_aThe shared voice : _bchanted and spoken narratives from the Philippines _cNono, Grace with Mendung Sabal ...[et al.] ; edited by Carolina Malay. |
||
| 260 |
_aPasig City, Philippines : _b Anvil Pub. : Fundaciâoon Santiago, _cc2008. |
||
| 300 |
_a248 p. : _b ill. (some col.), col. maps ; _c 28 cm. + 1 sound disc (digital ; 4 3/4 in.) |
||
| 521 | _acollege students | ||
| 526 | _c1210L-1700L | ||
| 541 | _j1 | ||
| 562 | _e1 | ||
| 942 |
_2lcc _cBK _kFIL |
||
| 999 |
_c17550 _d17550 |
||